Avec Lino VENTURA ... ou pas - Statistiques

Statistiques générales
  • Ce quiz a été pris 54 fois
  • Le résultat moyen est 14 sur 40
Answers on the Grid
Answers color-coded by a green-red scale on the quiz's grid according to % correct below.
Touchez pas au grisbi (1954)
Razzia sur la chnouf (1955)
Crime et châtiment (1956)
Le rouge est mis (1957)
Maigret tend un piège (1958)
Ascenseur pour l'échafaud (1958)
Le Gorille vous salue bien (1958)
Marie-Octobre (1959)
Un témoin dans la ville (1959)
Le fauve est lâché (1959)
Les mystères d'Angkor (1960)
Classe tous risques (1960)
Un taxi pour Tobrouk (1961)
Les lions sont lâchés (1961)
Le diable et les dix commandements (1962)
Les tontons flingueurs (1963)
Cent mille dollars au soleil (1964)
Les barbouzes (1964)
Le deuxième souffle (1966)
Les grandes gueules (1965)
L'arme à gauche (1965)
La métamorphose des cloportes (1965)
Ne nous fâchons pas (1966)
Les aventuriers (1967)
Le rapace (1968)
Le clan des siciliens (1969)
L'armée des ombres (1969)
Dernier domicile connu (1970)
Boulevard du rhum (1971)
L'aventure c'est l'aventure (1972)
La bonne année (1973)
L'emmerdeur (1973)
La gifle (1974)
La cage (1975)
Adieu poulet (1975)
Garde à vue (1981)
Espion, lève-toi (1982)
Le ruffian (1983)
La septième cible (1984)
Cent jours à Palerme (1984)
Maigret et l'affaire Saint-Fiacre (1959)
Maigret voit rouge (1963)
Mélodie en sous-sol (1963)
Dragées au poivre (1963)
Paris brûle-t-il ? (1966)
Du rififi à Paname (1966)
Tendre voyou (1966)
Le soleil des voyous (1967)
Si j'étais un espion (1967)
Sans mobile apparent (1971)
L'attentat (1972)
L'homme aux nerfs d'acier (1973)
La valise (1973)
Deux hommes dans la ville (1973)
L'affaire Dominici (1973)
La race des seigneurs (1974)
Plus ça va, moins ça va (1977)
Le convoi de la peur (1977)
Un moment d'égarement (1977)
Trois hommes à abattre (1980)
Le choix des armes (1981)
Les gorilles (1964)
Il était une fois un flic (1972)
Laisse aller, c'est une valse (1971)
 
Statistiques - réponses
Réponse % Correct
Adieu poulet (1975)
64%
L'aventure c'est l'aventure (1972)
60%
L'emmerdeur (1973)
60%
Les tontons flingueurs (1963)
60%
Garde à vue (1981)
56%
Le ruffian (1983)
56%
L'armée des ombres (1969)
52%
Le clan des siciliens (1969)
52%
Les barbouzes (1964)
52%
Boulevard du rhum (1971)
48%
Cent jours à Palerme (1984)
48%
La gifle (1974)
48%
Les grandes gueules (1965)
48%
Cent mille dollars au soleil (1964)
40%
Le Gorille vous salue bien (1958)
40%
Les aventuriers (1967)
40%
Ne nous fâchons pas (1966)
40%
Touchez pas au grisbi (1954)
40%
Un taxi pour Tobrouk (1961)
40%
La bonne année (1973)
36%
La septième cible (1984)
36%
Dernier domicile connu (1970)
32%
Le rapace (1968)
32%
Espion, lève-toi (1982)
28%
Razzia sur la chnouf (1955)
28%
La cage (1975)
24%
Ascenseur pour l'échafaud (1958)
20%
La métamorphose des cloportes (1965)
20%
Le fauve est lâché (1959)
20%
Le rouge est mis (1957)
20%
Marie-Octobre (1959)
20%
Un témoin dans la ville (1959)
20%
Classe tous risques (1960)
16%
L'arme à gauche (1965)
16%
Les lions sont lâchés (1961)
16%
Le deuxième souffle (1966)
12%
Le diable et les dix commandements (1962)
8%
Maigret tend un piège (1958)
8%
Crime et châtiment (1956)
4%
Les mystères d'Angkor (1960)
4%
Aucun quiz correspondant
Distribution des résultats
% des personnes avec chaque résultat
Percentile par nombre de réponses
Votre historique - résultats
Vous n’avez pas pris ce quiz